000 00343nam a2200157Ia 4500
003 0STCL
008 150530s9999 xx 000 0 und d
040 _aSTCL
_cSTCL
100 _aMorison
245 _aMen machines and modern times
260 _c1966
546 _aEnglish
942 _2ddc
_cBK
999 _c61097
_d61097
005 20220125171146.0